| 000 | 00678nam a22002177a 4500 | ||
|---|---|---|---|
| 003 | OSt | ||
| 005 | 20260428022105.0 | ||
| 008 | 260428b |||||||| |||| 00| 0 eng d | ||
| 020 | _a9781741219456 | ||
| 040 |
_aDWCL-Main Lib _cOC |
||
| 082 | _aCirc. 641.5636 Es78 2008 | ||
| 245 | _aEssential cooking series : vegetarian dishes / | ||
| 260 |
_aAustralia : _bBudget Books, _cc2008. |
||
| 300 |
_a63 pages : _bcolor illustrations ; _c21 cm. |
||
| 490 | _aEssential Cooking series. | ||
| 504 | _aIncludes glossary and index. | ||
| 650 | _aCookbook - Vegetarian dishes. | ||
| 650 | _aVegetarian cooking. | ||
| 700 |
_aVasallo, Jody _eEditor |
||
| 942 |
_2ddc _cBK-CIRC _mCirc. _n0 |
||
| 999 |
_c9986 _d9986 |
||